|
|
|
|
| LEADER |
00873nam a22002652a 4500 |
| 001 |
000448523 |
| 003 |
CZ BrMZK |
| 005 |
20130620100616.0 |
| 007 |
ta |
| 008 |
010907s1971 xo f 000 0 slo d |
| 040 |
|
|
|a BOA001
|b cze
|
| 100 |
1 |
|
|a Sidor, Viktor
|7 jx20050411027
|4 aut
|
| 245 |
1 |
0 |
|a Hodnotenie mäsovej úžitkovosti hospodárskych zvierat /
|c Viktor Sidor, Ján Kresan, Ondrej Pelech
|
| 250 |
|
|
|a 1. vyd.
|
| 260 |
|
|
|a Bratislava :
|b Príroda,
|c 1971
|
| 300 |
|
|
|a 198 s.
|
| 490 |
1 |
|
|a Živočíšna výroba
|
| 504 |
|
|
|a Obsahuje bibliografii
|
| 700 |
1 |
|
|a Kresan, Ján
|7 jx20050104023
|4 aut
|
| 700 |
1 |
|
|a Pelech, Ondrej
|7 jk01092437
|4 aut
|
| 830 |
|
0 |
|a Živočíšna výroba (Príroda)
|
| 910 |
|
|
|a BOA001
|b 2-0666.908
|
| 990 |
|
|
|a BK
|
| 991 |
|
|
|a 201306
|
| 996 |
7 |
|
|b 2619776410
|c 2-0666.908
|l Sklad H1
|r Sklad / do 24 hodin
|n 2
|h HS212
|w 000448523
|u 000010
|a 1
|e BOA001
|j MZK50
|s A
|